| 000 | 00715nam a2200229 i 4500 | ||
|---|---|---|---|
| 001 | 45592 | ||
| 003 | ES-MaACL | ||
| 005 | 20250728180233.0 | ||
| 007 | t| | ||
| 008 | 030326s1965 sp ||||1| spa d | ||
| 100 | 1 |
_aCollás, Thérèse. _939679 |
|
| 245 | 1 | 3 |
_aLa noia del Club Saxo-bar / _cThérèse Collás, Michel Quoist ; traductor, Lluis López del Castillo. |
| 250 | _a[1ª ed.]. | ||
| 260 |
_aBarcelona : _bEstela, _c[1965] |
||
| 300 |
_a139 p. ; _c20 cm. |
||
| 490 | 1 |
_aEl món avui ; _v13 |
|
| 700 | 1 |
_aQuoist, Michel. _994807 |
|
| 700 | 1 |
_aLópez del Castillo, Lluís, _d1938- _973603 |
|
| 830 | 0 |
_aEl món avui ; _v13 _9182063 |
|
| 852 |
_aES-MaACL _jC-27989 _bR.57136 |
||
| 999 |
_c45592 _d45592 |
||